| 000 | 00594cam a22002053a 4500 | ||
|---|---|---|---|
| 001 | 38830 | ||
| 003 | PGUSA | ||
| 005 | 20140828083845.0 | ||
| 008 | 120211s2012||||xxu|||||s|||||000 | eng d | ||
| 040 |
_aPGUSA _beng |
||
| 042 | _adc | ||
| 100 | 1 |
_aGriggs, Sutton E. _q(Sutton Elbert), _d1872-1933 |
|
| 245 | 1 | 0 |
_aUnfettered : _bA Novel _h[electronic resource] / _cSutton E. Griggs |
| 260 |
_bProject Gutenberg, _c2012 |
||
| 506 | _aPublic domain in the USA. | ||
| 516 | _aElectronic text | ||
| 830 | 0 |
_aProject Gutenberg _v38830 |
|
| 856 | 4 | 0 | _uhttp://www.gutenberg.org/ebooks/38830 |
| 942 | _cEB | ||
| 999 |
_c268084 _d268084 |
||